| 000 | 00682nam a2200229 a 4500 | ||
|---|---|---|---|
| 001 | BRCA_4893 | ||
| 005 | 20190320204840.0 | ||
| 008 | 151010s1957----ne-a######---#000-0#spa-# | ||
| 041 | _aspa | ||
| 044 | _ane | ||
| 050 | 4 |
_aTH4161 _b.R48 1957 |
|
| 245 | 1 | 0 | _aRevista internacional de luminotecnia. |
| 260 |
_aAmsterdam, Holanda _bC. A. Spin & Zoon _c1957 |
||
| 300 |
_a1 v. (sin paginación) _bil. _c31 cm. |
||
| 500 | _aNúm. 3, 1957 | ||
| 500 | _aRevista inventariada por Banco de México como libro | ||
| 500 | _aDD14 | ||
| 650 | 1 | 4 |
_aLuminotecnia _vRevistas _912400 |
| 650 | 1 | 4 |
_aAlumbrado arquitectónico _vPublicaciones periódicas _912401 |
| 902 | _aGFM | ||
| 942 |
_2lcc _cB |
||
| 999 |
_c4587 _d4587 |
||